00783nam a22001937a 4500003000400000008004100004020001800045082001600063245010200079260006300181300001100244650003400255650003800289650003700327700002700364942001200391999001700403952016900420OSt260625b |||||||| |||| 00| 0 eng d a9788170196389 a664.8bC45T aTrends and Prospects in Processing of Horticultural Crops /edited by I V I Chakraborty...[et al.] aDelhi : bToday & Tomorrow Printers and Publishers,c2019. a578 p. aTechnology (Applied Sciences) aChemical and related technologies aFruits and vegetables technology aChakraborty, I. V. I.  2ddccBK c52325d52325 00102ddc4070aRAUbRAUcGENd2026-06-25eToday & Tomorrow Printers and Publishers g5995.00l0o664.8 C45Tp87561r2026-06-25w2026-01-29yBKkBill No. IN-00449